00561nam a2200169 i 4500001000300000100001700003245007100020260002100091490004300112650002400155830004300179040000800222041000800230080001400238008004100252856009800293bg1 aBRADY, J. M. 0aInformatyka teoretyczna w ujęciu programistycznym /cJ.M. Brady. aWarszawa,c1983.1 aBiblioteka Inżynierii Oprogramowania 9aInformatykaxteoria aBiblioteka Inżynierii Oprogramowania cBPK apol a519.6:004 s pl f |000 0 pol  uhttp://koha.tu.koszalin.pl/cgi-bin/koha/opac-detail.pl?biblionumber=22429yKatalog online BPK